000 00551cam a2200193 4500
001 sa 65001031
003 DLC
005 20260227112107.0
008 710119s1964 ii r 00100 eng
010 _asa 65001031 //r87
025 _aPL480:I-E-3916
043 _aa-ii---
050 0 _aZ6958.I4
_bS8
100 1 0 _aSud, K. K.
_q(Krishna Kanta),
_eed.
245 1 0 _aIndian periodicals directory.
260 0 _aCalcutta,
_bPeriodicals Indexing Service, Business Forms
_c[1964]
300 _a188 p.
_c26 cm.
650 0 _aIndic periodicals
_xDirectories.
999 _c61881
_d61881